Májtályog műtéte kapcsán kialakult bilio-bronchiális sipoly sikerrel kezelt esete

Elmentve itt :
Bibliográfiai részletek
Szerzők: Ménesi Rudolf
Petri András
Tombácz Andrea
Karácsonyi Sándor
Dokumentumtípus: Cikk
Megjelent: 1992
Sorozat:MAGYAR SEBÉSZET 45 No. 6
Tárgyszavak:
mtmt:2749562
Online Access:http://publicatio.bibl.u-szeged.hu/32256
LEADER 00774nab a2200229 i 4500
001 publ32256
005 20250402191849.0
008 250402s1992 hu o 000 hun d
022 |a 0025-0295 
024 7 |a 2749562  |2 mtmt 
040 |a SZTE Publicatio Repozitórium  |b hun 
041 |a hun 
100 1 |a Ménesi Rudolf 
245 1 0 |a Májtályog műtéte kapcsán kialakult bilio-bronchiális sipoly sikerrel kezelt esete  |h [elektronikus dokumentum] /  |c  Ménesi Rudolf 
260 |c 1992 
300 |a 359-362 
490 0 |a MAGYAR SEBÉSZET  |v 45 No. 6 
650 4 |a Klinikai orvostan 
700 0 1 |a Petri András  |e aut 
700 0 1 |a Tombácz Andrea  |e aut 
700 0 1 |a Karácsonyi Sándor  |e aut 
856 4 0 |u http://publicatio.bibl.u-szeged.hu/32256/1/aok_klny_560_92.pdf  |z Dokumentum-elérés